ブルーアーカイブの配布生徒 - Statistics

General Stats
  • This quiz has been taken 6 times
    3 since last reset
  • The average score is 20 of 27
Answer Stats
Hint Answer % Correct
新任教師ガイドミッション ノノミ
100%
アビドスリゾート復旧対策委員会 アヤネ(水着)
100%
夏の特殊作戦!RABBIT小隊と消えたエビの謎 ミユ(水着)
100%
隠されし遺産を求めて~トリニティの課外活動~ コハル(水着)
100%
-ive aLIVE! アイリ(バンド)
100%
Sheside outside アツコ(水着)
100%
ハイランダー鉄道爆走事件〜そして列車はなくなった〜 アオバ
100%
夏空のやくそく イチカ(水着)
100%
特殊作戦「ロア追跡」編 オトギ
100%
夏空のウィッシュリスト ツルギ(水着)
67%
~風紀委員会行政官緊急特務命令~ヒナ委員長のなつやすみっ! イズミ(水着)
67%
227号温泉郷の運営記録!~白い吐息は寄り添って~ トモエ
67%
シャーレのハッピー♡バレンタインパトロール孤坂ワカモの沈黙と祝宴 フブキ
67%
不忍ノ心 ミチル
67%
出張!百夜堂海の家FC計画 シズコ(水着)
67%
ON YOUR MARK @MILLENNIUM~キヴォトス晄輪大祭~ ヒビキ(応援団)
67%
Get Set,GO!~キヴォトス晄輪大祭~ ハスミ(体操服)
67%
喰積の 前にいささか~一番勝負~ ジュンコ(正月)
67%
白亜の予告状~虚飾の館と美学の在り処~ ユズ(メイド)
67%
とある科学の青春記録 佐天涙子
67%
Say-Bing! キリノ(水着)
67%
Serenade Promenade ミネ(アイドル)
67%
Code: BOX ミレニアムに迫る影~一つの問いと二つの答え~ カリン(制服)
67%
魔法少女ヘヴィキャリバー~エラの野望と正義の資格~ ラブ
67%
鋼鉄大陸攻略戦 トキ(臨戦)
67%
革命のイワン・クパーラ髭とプリンとレッドウィンター ノドカ
33%
陽ひらく彼女たちの小夜曲 イブキ
33%
No matching quizzes found
Score Distribution
Percent of People with Each Score
Percentile by Number Answered
Your Score History
You have not taken this quiz since the last reset